KATSEYE Songs (May 2026 Ver.) - Statistics

General Stats
  • This quiz has been taken 379 times
    55 since last reset
  • The average score is 20 of 37
Answer Stats
Hint Answer % Correct
Beautiful Chaos (Pre-release 1) Gnarly
100%
Beautiful Chaos Gnarly
100%
SIS (Pre-release 1) Debut
98%
SIS Debut
98%
Beautiful Chaos Gameboy
98%
WILD (Pre-release 1) Pinky Up
95%
Beautiful Chaos M.I.A
91%
SIS My Way
91%
Beautiful Chaos (Pre-release 2) Gabriela
89%
Beautiful Chaos Gabriela
89%
Beautiful Chaos Tour Internet Girl
89%
SIS (Pre-release 2) Touch
89%
SIS Touch
89%
SIS I'm Pretty
86%
Beautiful Chaos Mean Girls
86%
SIS Tonight I Might
84%
OST Flame
77%
OST Time Lapse
61%
DA (Dream Academy) Dirty Water
55%
DA (Dream Academy) Girls Don't Like
45%
Remixes Gnarly ft. Ice Spice
39%
DA (Dream Academy) All The Same
34%
Remixes Gabriela (ft. Young Miko)
34%
Promotional Fright Song
30%
BC: Remix Album Gnarly (Extended Version)
20%
Remixes Gnarly Lara x Lancey Foux x Slush Puppy
18%
Promotional M.I.A (Valorant Game Changers Ver.)
18%
BC: Remix Album Gabriela (Extended Version)
16%
Remixes Touch ft. Yeonjun of TXT
16%
BC: Remix Album Gabriela (JULiA LEWiS Reggaeton Remix)
14%
BC: Remix Album Gabriela (Sped Up)
14%
BC: Remix Album Gameboy (Extended Version)
14%
Remixes Touch Holiday Ver.
14%
BC: Remix Album Gameboy (Sped Up)
11%
BC: Remix Album Gameboy (JULiA LEWiS Acoustic Remix)
9%
Beautiful Chaos (Pre-release 1) Gnarly (Clean Version)
9%
WILD (Pre-release 1) Pinky Up (Clean Edit)
9%
No matching quizzes found
Score Distribution
Percent of People with Each Score
Percentile by Number Answered
Your Score History
You have not taken this quiz since the last reset